[Event "Mecklenburg VP-ch Seniors 2nd"]
[White "Ohse, Peter"]
[Black "Riessbeck, Joachim"]
[Site "Sparow"]
[Round "7"]
[Result "1-0"]
[Date "2002.09.19"]
[WhiteElo "1200"]
[BlackElo "1200"]
[PlyCount "92"]
[EventDate "2002.09.??"]
[EventType "swiss"]
[EventRounds "9"]
[EventCountry "GER"]
[SourceTitle "EXT 2006"]
[Source "ChessBase"]
[SourceDate "2005.11.24"]
[SourceVersion "1"]
[SourceVersionDate "2005.11.24"]
[SourceQuality "1"]

1. e4 e5 2. f4 d5 3. exd5 e4 4. Bb5+ Bd7 5. Qe2 Nf6 6. Nc3 a6 7. Bxd7+ Nbxd7 8. d3 Bb4 9. Bd2 0-0 10. 0-0-0 e3 11. Qxe3 Re8 12. Qf3 Nb6 13. Nge2 Nbxd5 14. a3 Bc5 15. Ne4 Be7 16. Rhe1 Qd7 17. N2c3 c6 18. Nxf6+ Nxf6 19. Ne4 Qf5 20. Re2 Nd7 21. Rde1 Bf6 22. Ng3 Bxb2+ 23. Kxb2 Rxe2 24. Qxe2 Qb5+ 25. Kc1 Qd5 26. Kd1 Nf6 27. Ne4 Nd7 28. Bc3 h6 29. Qg4 g6 30. Qh4 Qh5+ 31. Qxh5 gxh5 32. Nf6+ Nxf6 33. Bxf6 Rc8 34. Re4 Kh7 35. f5 c5 36. Re7 Rc6 37. Bc3 b5 38. Rxf7+ Kg8 39. Rb7 h4 40. Kd2 c4 41. Rg7+ Kf8 42. Rg6 Rc7 43. Rxh6 Rf7 44. Rf6 Ke7 45. Rxf7+ Kxf7 46. dxc4 bxc4 1-0

[Event "Mecklenburg VP-ch Seniors 2nd"]
[White "Ohse, Peter"]
[Black "Assmann, Robert"]
[Site "Sparow"]
[Round "3"]
[Result "1/2-1/2"]
[Date "2002.09.15"]
[WhiteElo "1200"]
[BlackElo "1879"]
[PlyCount "61"]
[EventDate "2002.09.??"]
[EventType "swiss"]
[EventRounds "9"]
[EventCountry "GER"]
[SourceTitle "EXT 2006"]
[Source "ChessBase"]
[SourceDate "2005.11.24"]
[SourceVersion "1"]
[SourceVersionDate "2005.11.24"]
[SourceQuality "1"]

1. e4 c5 2. Nc3 d6 3. Bc4 Nc6 4. d3 g6 5. Be3 Bg7 6. Qd2 a6 7. f4 b5 8. Bd5 Bb7 9. Nf3 b4 10. Bxc6+ Bxc6 11. Nd1 e6 12. 0-0 Ne7 13. c4 0-0 14. Nf2 Qc7 15. Rad1 a5 16. d4 cxd4 17. Nxd4 Rfd8 18. Nxc6 Qxc6 19. b3 f5 20. Bd4 e5 21. Bb2 fxe4 22. fxe5 Nf5 23. Qe2 dxe5 24. Qxe4 Qxe4 25. Nxe4 Ne3 26. Rxd8+ Rxd8 27. Re1 Nc2 28. Re2 Rd1+ 29. Kf2 Nd4 30. Rd2 Rxd2+ 31. Nxd2 1/2-1/2